Wisconsin's top cities alphabetically Quiz Stats

 Plays Quiz not verified by Sporcle

Score 0/20 Timer 06:00
0 Plays Today
City % Correct
Milwaukee
92.7%
Appleton
90.2%
Madison
85.4%
Green Bay
84.1%
Kenosha
70.7%
Racine
67.1%
Oshkosh
65.9%
Eau Claire
64.6%
Beloit
63.4%
Fond du Lac
61%
City % Correct
Waukesha
59.8%
Janesville
54.9%
La Crosse
54.9%
Wausau
54.9%
Sheboygan
52.4%
Wauwatosa
46.3%
West Allis
46.3%
Brookfield
41.5%
Greenfield
37.8%
New Berlin
35.4%

You're not logged in!

Compare scores with friends on all Sporcle quizzes.
OR
Log In

Show Comments

Extras

Top Quizzes Today


Score Distribution

Your Account Isn't Verified!

In order to create a playlist on Sporcle, you need to verify the email address you used during registration. Go to your Sporcle Settings to finish the process.

Report this User

Report this user for behavior that violates our Community Guidelines.

Details: